All the Songs from 'Grease' - Statistics

General Stats
  • This quiz has been taken 29 times
  • The average score is 3 of 18
Answer Stats
Songs % Correct
Summer Nights
77%
Beauty School Dropout
41%
Look at Me, I'm Sandra Dee
32%
We Go Together
32%
Greased Lightnin'
23%
There are Worse Things I Could Do
23%
Born to Hand Jive
14%
Look at Me, I'm Sandra Dee (Reprise)
9%
Mooning
9%
Those Magic Changes
9%
All Choked Up
5%
It's Raining on Prom Night
5%
Rock 'N' Roll Party Queen
5%
We Go Together (Reprise)
5%
Alma Mater
0%
Alma Mater (Reprise)
0%
Alone at a Drive-In Movie
0%
Freddy, My Love
0%
No matching quizzes found
Score Distribution
Percent of People with Each Score
Percentile by Number Answered
Your Score History
You have not taken this quiz